Music Quiz

Random Music or Song Quiz
Score 0/20 Timer 04:00
3 Plays Today
Songs S/C % Correct
Blank Space???
90.6%
Bad Blood???
90.4%
Shake It Off???
89.8%
Love Story???
88.7%
You Belong With Me???
88.5%
Look What You Made Me Do???
86.9%
22???
85.7%
Havana???
81%
My Oh My???
77%
Crying in the Club???
76.4%
Songs S/C % Correct
ME!???
76.3%
Style???
75.6%
Living Proof???
74.2%
Real Friends???
72.8%
Never Be The Same???
70.8%
Delicate???
70.1%
First Man???
67.3%
OMG???
66.2%
Liar???
66.2%
Shameless???
65.4%
Remove Ads.
Support Sporcle.
Get the best of Sporcle when you Go Orange. This ad-free experience offers more features, more stats, and more fun while also helping to support Sporcle. Thank you for becoming a member.

You're not logged in!

Compare scores with friends on all Sporcle quizzes.
OR
Log In

Sporcle TV

Today on Sporcle TV


Watch our educational content, quiz creation guides, and fun videos on Sporcle TV.

Show Comments

Extras

Top Quizzes Today


Score Distribution

Paid Content

Your Account Isn't Verified!

In order to create a playlist on Sporcle, you need to verify the email address you used during registration. Go to your Sporcle Settings to finish the process.

Report this User

Report this user for behavior that violates our Community Guidelines.

Details: